Music Quiz

Random Music or Classical Quiz

Gimme Five: Classical Music Quiz Stats

Quiz Updated Jun 5, 2015

Challenge
Share
Tweet
Embed
Score 0/45 Timer 12:00
0 Plays Today
% Correct
Baroque (1600-1750)
77.2%
New York Philharmonic (1842)
76.7%
Romantic (1830-1900)
74.6%
Classical (1750-1830)
72.5%
Boston Symphony Orchestra (1881)
67.6%
Die Zauberflöte
67.5%
Chicago Symphony Orchestra (1891)
66%
Renaissance (1400-1600)
60%
Philadelphia Orchestra (1900)
53.9%
violin (+viola)
52.2%
Medieval (1150-1400)
52.2%
Nikolai Rimsky-Korsakov
50.4%
Don Giovanni
49.7%
quaver (eighth)
49%
flute (+piccolo)
48.7%
Le Nozze di Figaro
48.4%
cello
48.3%
Modest Mussorgsky
46.1%
clarinet (+bass clarinet)
45.3%
exposition
44.8%
piano
44.6%
recapitulation
43.8%
development
42.2%
% Correct
coda
42.2%
introduction
41.6%
Alexander Borodin
39%
Cleveland Orchestra (1918)
34.1%
crotchet (quarter)
32.3%
breve (double-whole)
31.7%
Cosi fan tutte
30.9%
Herbert von Karajan (1954–1989)
30.7%
semibreve (whole)
30.2%
No. 2 - Resurrection
29.3%
minim (half)
28.2%
No. 8 - Symphony of a Thousand
26.5%
No. 1 - Titan
25.9%
César Cui
25.6%
Simon Rattle (2002–present)
25.4%
Mily Balakirev
19%
No. 6 - Tragic
14.7%
Wilhelm Furtwängler (1952–1954)
13.4%
Claudio Abbado (1989–2002)
13.2%
La Clemenza di Tito
11%
No. 7 - Song of the Night
7.2%
Sergiu Celibidache (1945–1952)
5.6%

You're not logged in!

Compare scores with friends on all Sporcle quizzes.
Sign Up with Email
OR
Log In

You Might Also Like...

Show Comments

Extras

Top Quizzes Today


Score Distribution

Your Account Isn't Verified!

In order to create a playlist on Sporcle, you need to verify the email address you used during registration. Go to your Sporcle Settings to finish the process.